Planning and Development Faculty News Bulletin (Record no. 118932)

MARC details
000 -LEADER
fixed length control field 00558cas a22001815a 4500
001 - CONTROL NUMBER
control field L138052
008 - FIXED-LENGTH DATA ELEMENTS--GENERAL INFORMATION
fixed length control field 070514d2001 xxkur p 0 a0eng u
035 ## - SYSTEM CONTROL NUMBER
System control number (Sirsi) u138052
041 0# - LANGUAGE CODE
Language code of text/sound track or separate title eng
110 2# - MAIN ENTRY--CORPORATE NAME
Corporate name or jurisdiction name as entry element Royal Institution of Chartered Surveyors
Subordinate unit Planning and Development Faculty
9 (RLIN) 4351
245 00 - TITLE STATEMENT
Title Planning and Development Faculty News Bulletin
260 ## - PUBLICATION, DISTRIBUTION, ETC.
Place of publication, distribution, etc. London
Name of publisher, distributor, etc. RICS
Date of publication, distribution, etc. [2001]-
362 0# - DATES OF PUBLICATION AND/OR SEQUENTIAL DESIGNATION
Dates of publication and/or sequential designation (2) February 2002-February 2003
554 ## -
-- Unknown
651 #4 - SUBJECT ADDED ENTRY--GEOGRAPHIC NAME
Geographic name England and Wales
Chronological subdivision 1543-
690 ## - LOCAL SUBJECT ADDED ENTRY--TOPICAL TERM (OCLC, RLIN)
Topical term or geographic name as entry element Planning and development
9 (RLIN) 6259
942 ## - ADDED ENTRY ELEMENTS (KOHA)
Suppress in OPAC 0
Holdings
Withdrawn status Lost status Source of classification or shelving scheme Damaged status Not for loan Home library Current library Shelving location Date acquired Total Checkouts Full call number Barcode Date last seen Price effective from Koha item type
    Dewey Decimal Classification     London London Gallery 14/05/2007   PLANNING DEVELOPMENT NEWS BULLETIN 138052-1001 06/08/2019 06/08/2019 Journal